Nuevas perspectivas para erradicar el trabajo infantil en América Latina. II Parte: Perspectivas post-Oslo de las organizaciones gremiales frente a la eliminación del trabajo infantil /
Bewaard in:
| Hoofdauteur: | |
|---|---|
| Coauteurs: | , |
| Andere auteurs: | |
| Formaat: | Onbekend |
| Gepubliceerd in: |
Bogotá:
Tercer Mundo
|
| Onderwerpen: | |
| Tags: |
Voeg label toe
Geen labels, Wees de eerste die dit record labelt!
|
MARC
| LEADER | 00000 a2200000 04500 | ||
|---|---|---|---|
| 001 | 18913 | ||
| 003 | |||
| 008 | 991231s d | ||
| 040 | |||
| 090 | |a 144706 | ||
| 100 | |a García Méndez, Emilio | ||
| 110 | |a UNICEF. Oficina Regional para América Latina y el Caribe, Colombia | ||
| 245 | |a Nuevas perspectivas para erradicar el trabajo infantil en América Latina. II Parte: Perspectivas post-Oslo de las organizaciones gremiales frente a la eliminación del trabajo infantil / |c UNICEF. Oficina Regional para América Latina y el Caribe, Colombia | ||
| 260 | |a Bogotá: |b Tercer Mundo | ||
| 300 | |a xxi, 295 p. | ||
| 650 | |a TRABAJO DE MENORES | ||
| 650 | |a CONCIENTIZACION | ||
| 650 | |a CAMPAÑA DE INFORMACION | ||
| 650 | |a NIÑOS | ||
| 650 | |a ADOLESCENTES | ||
| 650 | |a CONDICIONES DE TRABAJO | ||
| 650 | |a DERECHOS DEL NIÑO | ||
| 650 | |a POLITICA LABORAL | ||
| 650 | |a EMPRESAS | ||
| 650 | |a COOPERACION INTERNACIONAL | ||
| 650 | |a ORGANIZACIONES NO GUBERNAMENTALES | ||
| 650 | |a CONF | ||
| 700 | |a | ||
| 700 | |a Salazar, María Cristina | ||
| 700 | |a | ||
| 710 | |a International Child Development Centre, Italia | ||
| 999 | |c 15010 |d 15010 | ||
